[Event "Top16 Gonfreville l'Orcher"]
[Site "?"]
[Date "2007.04.29"]
[Round "5"]
[White "Leconte, Maria"]
[Black "Lallemand, Roza"]
[Result "1/2-1/2"]
[WhiteElo "2371"]
[BlackElo "2222"]
[PlyCount "82"]
[EventDate "2007.??.??"]
[SourceDate "2007.04.30"]
[WhiteTeam "Cannes"]
[BlackTeam "Bischwiller"]

1. e4 d6 2. d4 g6 3. Nc3 Bg7 4. Be3 a6 5. a4 Nf6 6. h3 O-O 7. Nf3 c6 8. Bd3
Nbd7 9. O-O e5 10. dxe5 dxe5 11. Qd2 a5 12. Ne2 Qe7 13. Qc3 h6 14. Ng3 Re8 15.
Nd2 Bf8 16. Nb3 Qd8 17. Qd2 Qc7 18. Bxh6 c5 19. Bxf8 Nxf8 20. Qc3 Ne6 21. Bc4
Nf4 22. Nxc5 Bxh3 23. gxh3 Rec8 24. Nd3 Qxc4 25. Qxe5 Nxh3+ 26. Kg2 Ng4 27. Qb5
Qxb5 28. axb5 Nhxf2 29. Rxf2 Nxf2 30. Kxf2 Rxc2+ 31. Ke3 Kg7 32. Nh1 Rh8 33.
Nhf2 b6 34. e5 f6 35. exf6+ Kxf6 36. Ne4+ Kg7 37. Rg1 Rh3+ 38. Kd4 Rh4 39. Re1
Rhh2 40. Rg1 Rh4 41. Re1 Rg2 1/2-1/2

[Event "TOP 16"]
[Site "Gonfreville l'Orcher"]
[Date "2007.04.28"]
[Round "4"]
[White "De la Riva Aguado, Oscar"]
[Black "Rausis, Igors"]
[Result "1-0"]
[WhiteElo "2525"]
[BlackElo "2537"]
[PlyCount "95"]
[EventDate "2007.04.30"]
[SourceDate "2007.04.30"]
[WhiteTeam "Marseille"]
[BlackTeam "Gonfreville"]
[WhiteTeamCountry "FRA"]
[BlackTeamCountry "FRA"]

1. e4 c6 2. d4 d5 3. e5 Bf5 4. Nf3 e6 5. Be2 Ne7 6. O-O h6 7. Nbd2 Nd7 8. c3
Bh7 9. Nb3 Ng6 10. Be3 Be7 11. Ne1 O-O 12. f4 Rc8 13. Nd3 b6 14. Nd2 c5 15. g3
f5 16. dxc5 bxc5 17. c4 d4 18. Bf2 Nh8 19. Qa4 Qc7 20. Bf3 g5 21. a3 Ng6 22. b4
Kh8 23. Qa6 Qb6 24. Qxb6 axb6 25. b5 Rg8 26. Kh1 gxf4 27. gxf4 Bh4 28. Bg3 Bxg3
29. hxg3 Ne7 30. Kg2 Bg6 31. a4 Rg7 32. Kf2 Rcg8 33. Rh1 Rh7 34. a5 Nc8 35.
axb6 Ncxb6 36. Ra6 Rb8 37. Bc6 Be8 38. Bxd7 Bxd7 39. Nxc5 Bc8 40. Ra2 Kg8 41.
Rc1 Rc7 42. Nd3 Bb7 43. c5 Bd5 44. Ra5 Nd7 45. b6 Nxb6 46. cxb6 Rxc1 47. Nxc1
Rxb6 48. Ra4 1-0